• 首页
  • 本馆介绍
  • 公告通知
  • 最新文献
  • 馆藏检索
  • 电子资源
  • 读者导购
  • 参考咨询
  • 我的图书馆
  • 登录
  • 详细信息显示
  • 放入我的书架
  • 预约/预借图书
  • 作者相关作品
  • 分类相关作品
  • 丛书相关作品
  • 出版社相关作品

书目信息

  • 表格格式
  • 工作单格式
  • 卡片格式
题名:
孤立子理论中的达布变换及其几何应用
    
 
作者: 谷超豪 , 胡和生 , 周子翔 著
分册:  
出版信息: 上海   上海科学技术出版社  2005
页数: 271页
开本: 24cm
丛书名: 科学前沿丛书
单 册:
中图分类: O572.3 , O177.6
科图分类:
主题词: 孤立子 , 积分变换 , 孤立子--积分变换
电子资源:
ISBN: 7-5323-7866-7
000 01157oam2 2200325 450
001 002954861
005 20061109102641.54
010    @a7-5323-7866-7@b精装@dCNY53.00
100    @a20050521d2005 emky0chiy0110 ea
101 0  @achi
102    @aCN@b310000
105    @ay z 001yy
200 1  @a孤立子理论中的达布变换及其几何应用@9gu li zi li lun zhong de da bu bian huan ji qi ji he ying yong@f谷超豪,胡和生,周子翔著
205    @a2版
210    @a上海@c上海科学技术出版社@d2005
215    @a271页@d24cm
225 2  @a科学前沿丛书
330    @a本书系统介绍了孤立子理论中的Darboux变换方法及其在微分几何中的应用。对初版的内容作了若干修订,对酉子解的Darboux变换性质作了较细的说明。
461  0 @12001 @a科学前沿丛书
510 1  @aDarboux Transformation in Soliton Theory and Its Geometric Applications@zeng
606 0  @a孤立子
606 0  @a积分变换
606 0  @a孤立子@x积分变换
690    @aO572.3@v4
690    @aO177.6@v4
701  0 @a谷超豪@9gu chao hao@f(1926~)@4著
701  0 @a胡和生@9hu he sheng@c(女, @f1928~)@4著
701  0 @a周子翔@9zhou zi xiang@f(1963~)@4著
801  0 @aCN@bNLC@c20061109
905    @a10447@dO177.6@e64=2
    
    孤立子理论中的达布变换及其几何应用/谷超豪,胡和生,周子翔著.-2版.-上海:上海科学技术出版社,2005
    271页;24cm.-(科学前沿丛书)
    
    
    ISBN 7-5323-7866-7(精装):CNY53.00
    本书系统介绍了孤立子理论中的Darboux变换方法及其在微分几何中的应用。对初版的内容作了若干修订,对酉子解的Darboux变换性质作了较细的说明。
●
相关链接 在E读中查询图书 在五车中查询图书 在当当中查询图书 在豆瓣中查询图书


正题名:孤立子理论中的达布变换及其几何应用     索取号:O177.6/64=2         预约/预借

序号 登录号 条形码 馆藏地/架位号 状态 备注
1 0385897   203858977   第二样本阅览室/ [索取号:O177.6/64=2] 在馆    
2 0385898   203858986   第三借阅区/ [索取号:O177.6/64=2] 在馆    
3 0385899   203858995   第三借阅区/ [索取号:O177.6/64=2] 在馆    
唐山师范学院图书馆 欢迎您!
大连网信软件有限公司© 版权所有